| 000 | 00619nam a2200205Ia 4500 | ||
|---|---|---|---|
| 005 | 20250508163528.0 | ||
| 008 | 008 250505s9999 xx 000 0 eng d | ||
| 020 | _a0-87207-359-9 | ||
| 037 | _aTextual | ||
| 040 |
_aFEDL _beng _cFEDL |
||
| 041 |
_aeng _2eng |
||
| 084 |
_a372.4, FLI _qFEDL |
||
| 100 |
_aFlippo Rona F Ed. _9775553 |
||
| 245 | 0 | _aTeaching reading and study strategies at the college level | |
| 260 |
_aNewark _bInternational Reading Association _c1991 |
||
| 300 | _axiii,347p. | ||
| 700 |
_a Caverly David C Ed. _9775554 |
||
| 942 |
_cTEXL _h372.4, FLI |
||
| 999 |
_c1383894 _d1383894 |
||